Missing Word: Will Ferrell Quiz Stats

Quiz Updated Jun 25, 2015

Challenge
Share
Tweet
Embed
Score 0/20 Timer 02:00
1 Play Today
Movie Missing Word % Correct
Talladega ____: The Ballad of Ricky BobbyNights
95.4%
Starsky and ____Hutch
94.5%
Blades of ____Glory
94.4%
____ and ScreamingKicking
89.5%
Wedding ____Crashers
89.4%
Austin Powers: The ____ Who Shagged MeSpy
87.6%
____ BrothersStep
85.9%
____ of the LostLand
85.4%
Stranger Than ____Fiction
81.7%
____ SchoolOld
79.3%
Movie Missing Word % Correct
Semi-____Pro
77.4%
Anchorman: The ____ of Ron BurgundyLegend
70.7%
The ____ GuysOther
66.1%
The Ladies ____Man
59.5%
Men Seeking ____Women
58.5%
The Wendell Baker ____Story
57.6%
____ GeorgeCurious
57.2%
The Thin Pink ____Line
56.4%
A Night at the ____Roxbury
46.7%
____ and MelindaMelinda
12.6%

Today's Daily Dose

Missing Word
For Dummies Books

Word Ladder
Ariana Grande

Quick Pick
1970s Authors

On This Day
June 21st II

You're not logged in!

Compare scores with friends on all Sporcle quizzes.
Join for Free
OR
Log In

You Might Also Like...

Show Comments

Extras

Top Quizzes Today


Score Distribution

Your Account Isn't Verified!

In order to create a playlist on Sporcle, you need to verify the email address you used during registration. Go to your Sporcle Settings to finish the process.

Report this User

Report this user for behavior that violates our Community Guidelines.

Details: